Reproduction in mammals / (Record no. 71890)

MARC details
000 -LEADER
fixed length control field 00706cam a2200229 4500
008 - FIXED-LENGTH DATA ELEMENTS--GENERAL INFORMATION
fixed length control field 19721972 eng
020 ## - INTERNATIONAL STANDARD BOOK NUMBER
International Standard Book Number 0-521-08505-5
050 #4 - LIBRARY OF CONGRESS CALL NUMBER
Classification number QM601
Item number R4 1972
245 #0 - TITLE STATEMENT
Title Reproduction in mammals /
Statement of responsibility, etc ed. by C.R.Austin and R.V. Short ; il. by John R. Fuller.
260 ## - PUBLICATION, DISTRIBUTION, ETC. (IMPRINT)
Place of publication, distribution, etc Gran Bretaña México :
Name of publisher, distributor, etc Cambridge University Press,
Date of publication, distribution, etc 1972
300 ## - PHYSICAL DESCRIPTION
Extent v.157 p.
500 ## - GENERAL NOTE
General note 1 ejemplar
504 ## - BIBLIOGRAPHY, ETC. NOTE
Bibliography, etc Incluye índice
505 ## - FORMATTED CONTENTS NOTE
Formatted contents note Contenido: V.5. Artificial control of reproduction
650 #4 - SUBJECT ADDED ENTRY--TOPICAL TERM
Topical term or geographic name as entry element Embriología
700 1# - ADDED ENTRY--PERSONAL NAME
Personal name Austin, C.R.,
Relator term ed.
700 1# - ADDED ENTRY--PERSONAL NAME
Personal name Short, R.V.,
Relator term ed.
700 1# - ADDED ENTRY--PERSONAL NAME
Personal name Fuller, John R.,
Relator term il.
942 ## - ADDED ENTRY ELEMENTS (KOHA)
Source of classification or shelving scheme Biblioteca del Cogreso de los Estados Unidos
Koha item type Libro
Holdings
Estado de pérdida Fuente de clasificación Estado del daño No para préstamo Ubicación permanente Ubicación actual Apartado o colección Fecha de adquisición Edición Dependencia de educación superior (DES) Área del conocimiento Clasificación Código de Barras Date last seen Número de copia Tipo de recurso
  Biblioteca del Cogreso de los Estados Unidos   Ejemplar único Biblioteca de la Facultad de Biología Biblioteca de la Facultad de Biología General 20/06/2016 1a. ed. Ciencias Biológicas y Agropecuarias Ciencias Naturales y Exactas QM601 R4 r1973 BFB000005012 20/06/2016 C:1 Libro